L'altro sono io. (Record no. 358620)

MARC details
000 -LEADER
campo di controllo lung. fissa 01485nam a22002057a 4500
003 - Identificatore del numero di controllo
campo di controllo IT-MiCISF
005 - Data e orario dell'ultima transazione
campo di controllo 20250204095908.0
008 - Elementi di lunghezza fissa--Informazione generale
campo di controllo lung. fissa 200302b ||||| |||| 00| 0 eng d
040 ## - Fonte della catalogazione
Agenzia che fa la trascrizione IT-MiCISF
041 ## - Codice di lingua
Codice di lingua del testo/traccia sonora o titolo separato it
100 ## - Accesso principale -- nome di persona
Nome di persona Rollo Dolores, Fogassi Leonardo
9 (RLIN) 58149
245 ## - Formulazione del titolo
Titolo L'altro sono io.
Complemento del titolo I neuroni specchio nello sviluppo dell'uomo. Cosa sono e a cosa servono
260 ## - Pubblicazione, distribuzione, ecc. (stampa)
Luogo di pubblicazione, distribuzione, ecc. Cinisello B. (MI),
Nome dell'editore, distributore, ecc. San Paolo,
Data di pubblicazione, distribuzione, ecc. 2018
300 ## - Descrizione fisica
Estensione pp. 171
500 ## - Nota generale
Nota generale persona, rapporti-interpersonali, educazione, rapporti-madre-figli
520 ## - Riassunto, ecc.
Nota di riassunto, ecc. Con i neuroni specchio è cambiata la prospettiva di studio dell'uomo e delle sue facoltà, del suo processo evolutivo e dei fattori che possono influenzarlo. La relazione primaria con l'adulto di riferimento, l'imitazione e la condivisione emotivo-affettiva acquistano un significato nuovo, fondamentale in una prospettiva evolutivo-educativa. Fin dalla nascita la nostra mente è organizzata in forma dialogica. Grazie alla scoperta dei neuroni specchio, il sistema nervoso può essere visto attraverso la lente socio-relazionale. Anche se alcuni aspetti devono ancora essere chiariti, i dati già a nostra disposizione ci parlano di un'integrazione tra mente, cervello e relazioni interpersonali. Riusciamo a capire chi siamo grazie alle interazioni che abbiamo avuto con gli altri. Un libro che spiega e approfondisce scientificamente una prodigiosa scoperta.
650 ## - Accesso aggiunto di soggetto--termine topico
Termine topico o nome geografico come accesso persona
9 (RLIN) 56046
654 ## - Accesso aggiunto di soggetto--termini topici faccettati
Termine principale saggio
942 ## - Dati aggiuntivi (Koha)
Fonte della classificazione o dello schema di collocazione (segnatura) Dewey Decimal Classification
Tipo copia default (Koha) LIBRO
Holdings
Ritirato (status) Perso (status) Fonte della classificazione o dello schema di collocazione (segnatura) Danneggiato (status) Non per il presito Biblioteca proprietaria Biblioteca in cui si trova Data d'acquisizione Totale prestiti Collocazione Codice a barre Data ultima operazione Prezzo in vigore dal Tipo copia default (Koha)
    Dewey Decimal Classification Buone Condizioni Not For Loan CISF - Milano CISF - Milano 02/03/2020   b7588 9788892214828 02/03/2020 02/03/2020 LIBRO
CREDITS: SOCIETA' SAN PAOLO Via A.Severo, 58 - ROMA (RM) & PERIODICI SAN PAOLO SRL Via Giotto, 36 MILANO & CISF Via Giotto, 36 MILANO & EDIZIONI SAN PAOLO SRL,  Piazza Soncino, 5 CINISELLO BALSAMO (MI) -- ITALY